Sąsiedzi sąsiadów Etiopii - Statystyki

Ogólne statystyki
  • Ten quiz został rozwiązany 37 razy
  • Średni wynik to 6 z 7
Statystyki odpowiedzi
Odpowiedź % Poprawnych
Demokratyczna Republika Konga
94%
Egipt
92%
Republika Środkowoafrykańska
89%
Tanzania
86%
Uganda
86%
Czad
83%
Libia
83%
Nie znaleziono quizów pasujących do podanych kryteriów
Rozkład punktacji
Procent ludzi z każdym wynikiem
Percentyl według liczby udzielonych odpowiedzi
Twoja historia wyników
Nie rozwiązałeś tego quizu